Riadenie ziskovosti produktov vo vybranom podniku bakalárska práca

Saved in:
Bibliographic Details
Main Author: Lešová, Martina
Corporate Author: Podnikovohospodárska fakulta EU so sídlom v Košiciach. Katedra kvantitatívnych metód
Other Authors: Chrobák, Marián, 1997-
Format: Book
Language:Slovak
Published: Košice 2023
Tags: Add Tag
No Tags, Be the first to tag this record!

MARC

LEADER 00000nbm a2200000 4500
001 0294452
005 20240712080717.0
041 0 |a slo 
044 |a SK 
245 1 0 |a Riadenie ziskovosti produktov vo vybranom podniku  |b bakalárska práca  |c Martina Lešová ; školiteľ: Marián Chrobák 
264 1 |a Košice  |c 2023 
300 |a 52 s. 
100 1 |a Lešová, Martina 
700 1 |a Chrobák, Marián, 1997- 
710 2 |a Podnikovohospodárska fakulta EU so sídlom v Košiciach. Katedra kvantitatívnych metód